| 000 | 01258nam a2200313 c 4500 | ||
|---|---|---|---|
| 003 | BLK | ||
| 005 | 20210607083318.0 | ||
| 008 | 180408b bul|||||r ||||||| ||bul|| | ||
| 010 | _aKNG00035959000 | ||
| 020 |
_a954-9520-47-1 _bиздат.: ИМН |
||
| 040 | _aBLK | ||
| 041 |
_aBUL _cBUL |
||
| 080 |
_aИкономическо положение. Икономическа политика. Управление. Планиране. Производство. Услуги. Цени _b338 _x(091)(100)(075.8) _z338(091)(100)(075.8) |
||
| 100 | 1 |
_aБайков, Байко Димитров _eпърви автор _9260469 |
|
| 139 |
_aБайков, Байко Димитров _bБ 14 |
||
| 245 | 1 | 0 |
_aКратка история на света _bДревност - Индустриална ера _cБайко Димитров Байков. |
| 257 | _aBGR | ||
| 260 |
_аПловдив _bИМН _c2001 |
||
| 300 |
_a192 с. _c20 см |
||
| 380 | _a3 | ||
| 650 | 4 |
_aСтопанство - история - учебници за ВУЗ _9246746 |
|
| 653 | _aсвят | ||
| 653 | _aстопанска история | ||
| 852 | _aЦб 208392 | ||
| 856 | 4 |
_qpdf _u |
|
| 856 | 4 |
_qpdf _u |
|
| 942 |
_cKNG _n0 _01 |
||
| 944 |
_aCR _c15.01.2003 _kКети_Илиева |
||
| 944 |
_aED _c08.09.2006 _k |
||
| 999 |
_c33271 _d33271 |
||